[Event "Bayern Jubilar U12"]
[Site "Bayreuth"]
[Date "2022.08.28"]
[Round "2"]
[White "Kullmann, Theo"]
[Black "Heller, Benedikt"]
[Result "1-0"]
[WhiteElo "1527"]
[BlackElo "1739"]
[PlyCount "95"]
[EventDate "2022.08.27"]
[EventType "swiss"]
[EventRounds "7"]
[EventCountry "GER"]
[SourceTitle "EXT 2023"]
[Source "ChessBase"]
[SourceDate "2022.10.05"]
[SourceVersion "1"]
[SourceVersionDate "2022.10.05"]
[SourceQuality "1"]

1. e4 c5 2. d3 Nc6 3. f4 g6 4. g3 Bg7 5. Nf3 d6 6. Bg2 e6 7. 0-0 Nge7 8. g4 f5 9. h3 0-0 10. c3 Bd7 11. gxf5 exf5 12. Qb3+ Kh8 13. Qxb7 Rb8 14. Qa6 Rb6 15. Qa4 c4 16. Qd1 cxd3 17. Qxd3 Na5 18. c4 fxe4 19. Qxe4 Nf5 20. Rf2 Bc6 21. Qd3 Nb7 22. Nc3 Nc5 23. Qd2 Qd7 24. Rb1 Be4 25. Ra1 Re8 26. Ng5 Bxg2 27. Rxg2 Ne3 28. Rg3 h6 29. Rxe3 hxg5 30. Rxe8+ Qxe8 31. fxg5 Qe5 32. Qe3 Qxe3+ 33. Bxe3 Rxb2 34. Nd5 Rc2 35. Nf6 Bxf6 36. gxf6 Kg8 37. Re1 Rxa2 38. Bg5 Nd7 39. Re8+ Nf8 40. Bh6 Ra1+ 41. Kf2 Ra2+ 42. Kf3 Kf7 43. Rxf8+ Ke6 44. Bg7 a5 45. Re8+ Kf7 46. Re7+ Kg8 47. Bh6 Ra3+ 48. Kg4 1-0

[Event "GER-ch Youth-B"]
[Site "Willingen"]
[Date "2022.06.06"]
[Round "3"]
[White "Kullmann, Theo"]
[Black "Glotz, Richard"]
[Result "0-1"]
[WhiteElo "1506"]
[BlackElo "1607"]
[PlyCount "62"]
[EventDate "2022.06.04"]
[EventType "swiss"]
[EventRounds "9"]
[EventCountry "GER"]
[SourceTitle "CBM 208 Extra"]
[Source "ChessBase"]
[SourceDate "2022.07.31"]
[SourceVersion "1"]
[SourceVersionDate "2022.07.31"]
[SourceQuality "1"]

1. e4 c5 2. d3 Nc6 3. f4 g6 4. g3 Bg7 5. Nc3 d6 6. Bg2 Rb8 7. Rb1 e6 8. Nf3 Nge7 9. 0-0 0-0 10. Be3 Nd4 11. Ne2 Nxf3+ 12. Bxf3 b6 13. Bg2 Bb7 14. c3 f5 15. Qb3 Qd7 16. Rbd1 Rfc8 17. Rd2 Kh8 18. h3 d5 19. Bf2 dxe4 20. Rfd1 Rd8 21. d4 c4 22. Qxc4 Nd5 23. Rc2 Bc6 24. a3 Ba4 25. Rcd2 e3 26. Be1 exd2 27. Rxd2 Ne3 28. Qd3 Nxg2 29. Kxg2 Qd5+ 30. Kf1 Bc6 31. Ng1 Bb5 0-1

[Event "GER-ch Youth-B"]
[Site "Willingen"]
[Date "2022.06.05"]
[Round "2"]
[White "Morio, Estelle"]
[Black "Kullmann, Theo"]
[Result "1/2-1/2"]
[WhiteElo "1823"]
[BlackElo "1506"]
[PlyCount "209"]
[EventDate "2022.06.04"]
[EventType "swiss"]
[EventRounds "9"]
[EventCountry "GER"]
[SourceTitle "CBM 208 Extra"]
[Source "ChessBase"]
[SourceDate "2022.07.31"]
[SourceVersion "1"]
[SourceVersionDate "2022.07.31"]
[SourceQuality "1"]

1. f4 d5 2. Nf3 Nf6 3. e3 g6 4. b3 Bg7 5. Bb2 0-0 6. Be2 c5 7. 0-0 Nc6 8. Ne5 Qc7 9. Nxc6 Qxc6 10. Bf3 b6 11. d3 Bb7 12. Nd2 Qc7 13. Qe1 e6 14. Be5 Qe7 15. Rd1 a6 16. Qh4 Rfe8 17. Rfe1 Rad8 18. g4 Nd7 19. Qxe7 Rxe7 20. Bxg7 Kxg7 21. e4 d4 22. Kf2 b5 23. Ra1 Ra8 24. a4 Ree8 25. Rg1 e5 26. f5 g5 27. h4 h6 28. Rh1 f6 29. Be2 Nb6 30. a5 Nc8 31. Rh2 Nd6 32. Rah1 Rh8 33. Ra1 Bc6 34. Rhh1 b4 35. Bf3 Be8 36. h5 Bf7 37. Rhg1 Nb5 38. Nb1 Rab8 39. Ke2 Nd6 40. Nd2 Nb5 41. Nb1 Rb7 42. Rh1 Rhb8 43. Rg1 Rc8 44. Kd2 Nd6 45. Ke2 Rb5 46. Nd2 Nb7 47. Nc4 Bxc4 48. dxc4 Rxa5 49. Rxa5 Nxa5 50. Ra1 Nb7 51. Rxa6 Rc7 52. Kd2 Nd8 53. Be2 Nc6 54. Bd3 Ne7 55. Be2 Nc8 56. Bd3 Kf7 57. Be2 Ke7 58. Re6+ Kf7 59. Ra6 Rd7 60. Rc6 Nd6 61. Bd3 Nb7 62. Ra6 Rc7 63. Be2 Nd8 64. Bd3 Ke7 65. Be2 Nc6 66. Bd3 Kd7 67. Ke2 Rc8 68. Kd2 Kc7 69. Ke2 Kb7 70. Ra1 Kb6 71. Kd2 Na5 72. Kc1 Ra8 73. Kb2 Ra7 74. Be2 Rd7 75. Bd3 Rd8 76. Rd1 Ra8 77. Ra1 Ra7 78. Rd1 Nc6 79. Re1 Ra3 80. Rd1 Ra8 81. Re1 Rg8 82. Rg1 Na7 83. Rf1 Nc8 84. Rg1 Nd6 85. Rd1 Ne8 86. Rg1 Nd6 87. Rf1 Ne8 88. Rg1 Ng7 89. Rh1 Kc6 90. Rh2 Re8 91. Rg2 Re7 92. Rg1 Ne8 93. Ra1 Kb6 94. Rf1 Nc7 95. Ra1 Re8 96. Rf1 Kb7 97. Rg1 Na8 98. Rf1 Nb6 99. Ra1 Rd8 100. Ra5 Rc8 101. Ra1 Nd7 102. Rd1 Kb6 103. Ra1 Rg8 104. Rg1 Ra8 105. Rf1 1/2-1/2

[Event "GER-ch U10"]
[Site "Willingen"]
[Date "2020.10.30"]
[Round "5"]
[White "Kullmann, Max"]
[Black "Kullmann, Theo"]
[Result "1-0"]
[WhiteElo "1375"]
[BlackElo "1632"]
[PlyCount "92"]
[EventDate "2020.10.26"]
[EventType "swiss"]
[EventRounds "7"]
[EventCountry "GER"]
[SourceTitle "CBM 199 Extra"]
[Source "ChessBase"]
[SourceDate "2021.01.31"]
[SourceVersion "1"]
[SourceVersionDate "2021.01.31"]
[SourceQuality "1"]

1. d4 d5 2. c4 e6 3. Nc3 Nf6 4. Nf3 Nbd7 5. Bf4 Be7 6. e3 0-0 7. Bd3 dxc4 8. Bxc4 a6 9. 0-0 b5 10. Bd3 Bb7 11. Rc1 Rc8 12. Be2 Nb6 13. Ne5 Bd6 14. Bf3 Bxf3 15. Qxf3 Bxe5 16. Bxe5 Nfd7 17. Bf4 Nc4 18. Rc2 c5 19. b3 Na3 20. Rcc1 cxd4 21. exd4 b4 22. Ne4 Qb6 23. Bd6 Rfd8 24. Be7 Re8 25. Nd6 Qb8 26. Qxf7+ Kh8 27. Rxc8 Rxc8 28. Nxc8 Qxc8 29. Qxe6 Nb5 30. Bxb4 Nxd4 31. Qd5 Ne2+ 32. Kh1 Nf4 33. Qe4 Ng6 34. Re1 Nf6 35. Qe3 Qb7 36. Bc3 Nh4 37. Qg3 Nf5 38. Qd3 Nh6 39. Bxf6 gxf6 40. Qd8+ Ng8 41. Re8 h5 42. Rxg8+ Kh7 43. Rh8+ Kg6 44. Qe8+ Kg5 45. Rxh5+ Kf4 46. Qa4+ Qe4 1-0

[Event "GER-ch U10"]
[Site "Willingen"]
[Date "2020.10.30"]
[Round "6"]
[White "Kullmann, Theo"]
[Black "Aweh, Mads"]
[Result "1/2-1/2"]
[WhiteElo "1632"]
[BlackElo "1328"]
[PlyCount "108"]
[EventDate "2020.10.26"]
[EventType "swiss"]
[EventRounds "7"]
[EventCountry "GER"]
[SourceTitle "CBM 199 Extra"]
[Source "ChessBase"]
[SourceDate "2021.01.31"]
[SourceVersion "1"]
[SourceVersionDate "2021.01.31"]
[SourceQuality "1"]

1. e4 c5 2. Nc3 e6 3. d3 d5 4. e5 Nc6 5. f4 Bd7 6. g3 Nge7 7. Bg2 Ng6 8. Nf3 Be7 9. Bd2 0-0 10. 0-0 Qb6 11. b3 c4+ 12. Kh1 cxd3 13. cxd3 Nb4 14. Be1 Qa6 15. d4 Rac8 16. Rg1 b6 17. Bf1 Qb7 18. a3 Nc6 19. b4 Rfd8 20. Qd2 a5 21. b5 Na7 22. a4 Qc7 23. Rc1 Bb4 24. Qe3 Ne7 25. Bd3 Qb7 26. g4 Rc7 27. f5 Rdc8 28. Bb1 Bxc3 29. Bxc3 exf5 30. gxf5 Nxf5 31. Qg5 g6 32. Bd2 Rxc1 33. Bxc1 Ng7 34. Qh6 Ne6 35. Bf5 Rc3 36. Bxe6 Rxf3 37. Qh5 Bxe6 38. Qxf3 Qc8 39. Bh6 Qc2 40. Re1 Bf5 41. Qxd5 Qc8 42. Rg1 Be6 43. Qf3 Qd7 44. Qf6 Bd5+ 45. Rg2 Bxg2+ 46. Kxg2 Qg4+ 47. Kf2 Qxd4+ 48. Kg3 Qc3+ 49. Qf3 Qxe5+ 50. Kg2 Qb2+ 51. Kh3 Qc2 52. Kg3 Qc7+ 53. Bf4 Qe7 54. Bh6 Qe5+ 1/2-1/2

[Event "GER-ch U10"]
[Site "Willingen"]
[Date "2020.10.28"]
[Round "3"]
[White "Goldkuhle, Collin"]
[Black "Kullmann, Theo"]
[Result "0-1"]
[WhiteElo "1418"]
[BlackElo "1632"]
[PlyCount "120"]
[EventDate "2020.10.26"]
[EventType "swiss"]
[EventRounds "7"]
[EventCountry "GER"]
[SourceTitle "CBM 199 Extra"]
[Source "ChessBase"]
[SourceDate "2021.01.31"]
[SourceVersion "1"]
[SourceVersionDate "2021.01.31"]
[SourceQuality "1"]

1. e4 e5 2. Nf3 Nc6 3. Bb5 Nge7 4. 0-0 a6 5. Ba4 g6 6. c3 Bg7 7. h3 b5 8. Bc2 0-0 9. d4 d6 10. Be3 f5 11. Bg5 Qe8 12. a4 Bb7 13. Nbd2 h6 14. Bxe7 Qxe7 15. Qe2 exd4 16. cxd4 Bxd4 17. axb5 Ne5 18. Nxd4 axb5 19. Rxa8 Bxa8 20. exf5 gxf5 21. Nxf5 Rxf5 22. Bxf5 Nf3+ 23. Qxf3 Bxf3 24. Nxf3 Qf6 25. g4 Qxb2 26. Rb1 Qc3 27. Nh4 Qxh3 28. Ng6 Qc3 29. Kg2 Kf7 30. f3 Qd2+ 31. Kg3 c5 32. Nf4 b4 33. Nd3 Kf6 34. Nf2 d5 35. Rd1 Qa2 36. Re1 c4 37. Re6+ Kg7 38. Rg6+ Kf7 39. Nh3 Qd2 40. Rd6 Ke7 41. Rd7+ Kf6 42. Rd6+ Ke7 43. Rd7+ Ke8 44. Nf4 d4 45. Ng6 Qe1+ 46. Kg2 d3 47. Re7+ Qxe7 48. Nxe7 Kxe7 49. Kf2 b3 50. Ke3 b2 51. Bxd3 cxd3 52. g5 hxg5 53. f4 gxf4+ 54. Ke4 b1Q 55. Kd4 d2 56. Ke5 d1Q 57. Kxf4 Qe1 58. Kg4 Qf1 59. Kh5 Qg2 60. Kh6 Qbh1# 0-1

[Event "GER Pfingstopen U16"]
[Site "Playchess.com INT"]
[Date "2020.06.05"]
[Round "10"]
[White "Kullmann, Theo"]
[Black "Kauschanski, Nicolas"]
[Result "1/2-1/2"]
[WhiteElo "1577"]
[BlackElo "1476"]
[PlyCount "101"]
[EventDate "2020.06.05"]
[EventType "swiss (blitz)"]
[EventRounds "11"]
[EventCountry "GER"]
[SourceTitle "CBM 197 Extra"]
[Source "ChessBase"]
[SourceDate "2020.09.30"]
[SourceVersion "1"]
[SourceVersionDate "2020.09.30"]
[SourceQuality "1"]

1. e4 e6 2. d4 d5 3. Nd2 c5 4. c3 Qb6 5. a4 cxd4 6. a5 Qc5 7. Nb3 Qc7 8. cxd4 Nc6 9. exd5 exd5 10. Bb5 Bd7 11. Nc5 Bxc5 12. dxc5 a6 13. Be2 Nxa5 14. Qxd5 Bc6 15. Qd4 f6 16. Qd6 Qxd6 17. cxd6 Bxg2 18. Bf3 Bxh1 19. Bxh1 Nb3 20. Bxb7 Rb8 21. Bc6+ Kf7 22. Bd5+ Ke8 23. Bc6+ Kf7 24. Bd5+ Kg6 25. Bxb3 Rxb3 26. Rxa6 Rd3 27. Ne2 Nh6 28. Nf4+ Kg5 29. Nxd3+ Kf5 30. d7 Nf7 31. Nc5 Rd8 32. Bd2 Ne5 33. Ra7 Nc6 34. Rc7 Ne5 35. Rc8 Rxd7 36. Nxd7 Nxd7 37. b4 Nb6 38. Rc6 Na4 39. b5 Kg4 40. b6 Nxb6 41. Rxb6 g5 42. Rxf6 h5 43. Rg6 Kh3 44. Rxg5 h4 45. Rh5 Kg4 46. Rh8 Kh3 47. Kf1 Kg4 48. Ba5 Kh3 49. Bd8 Kg4 50. h3+ Kf3 51. Rxh4 1/2-1/2

[Event "GER Pfingstopen U16"]
[Site "Playchess.com INT"]
[Date "2020.06.05"]
[Round "2"]
[White "Sarbu, Carla Alexandra"]
[Black "Kullmann, Theo"]
[Result "1-0"]
[WhiteElo "1309"]
[BlackElo "1669"]
[PlyCount "83"]
[EventDate "2020.06.05"]
[EventType "swiss (blitz)"]
[EventRounds "11"]
[EventCountry "GER"]
[SourceTitle "CBM 197 Extra"]
[Source "ChessBase"]
[SourceDate "2020.09.30"]
[SourceVersion "1"]
[SourceVersionDate "2020.09.30"]
[SourceQuality "1"]

1. d4 d5 2. f3 Nf6 3. Nc3 e6 4. e4 dxe4 5. fxe4 Bb4 6. Bd3 Qxd4 7. Bb5+ Bd7 8. Qxd4 Bxc3+ 9. Qxc3 Bxb5 10. Qxc7 0-0 11. Qxb7 Bc6 12. Qb4 Bxe4 13. Bg5 Bxg2 14. Bxf6 Bxh1 15. Qg4 g6 16. Qg5 Nd7 17. Bc3 f6 18. Qh6 Rf7 19. 0-0-0 Nc5 20. Nh3 Bf3 21. Rf1 Be2 22. Rxf6 Rd8 23. b3 Rxf6 24. Bxf6 Rd1+ 25. Kb2 Rd7 26. Qe3 Bg4 27. Qxc5 Bxh3 28. Qc8+ Kf7 29. Qxd7+ Kxf6 30. Qxa7 Kf5 31. a4 Bg4 32. Qf2+ Ke4 33. a5 h5 34. a6 h4 35. a7 g5 36. a8Q+ Ke5 37. b4 Kd6 38. Qd8+ Ke5 39. Qc5+ Ke4 40. b5 Kf3 41. Qd3+ Kf4 42. Qcd4# 1-0

[Event "GER Pfingstopen U16"]
[Site "Playchess.com INT"]
[Date "2020.06.05"]
[Round "11"]
[White "Udelnov, Valentin"]
[Black "Kullmann, Theo"]
[Result "1-0"]
[WhiteElo "1590"]
[BlackElo "1572"]
[PlyCount "85"]
[EventDate "2020.06.05"]
[EventType "swiss (blitz)"]
[EventRounds "11"]
[EventCountry "GER"]
[SourceTitle "CBM 197 Extra"]
[Source "ChessBase"]
[SourceDate "2020.09.30"]
[SourceVersion "1"]
[SourceVersionDate "2020.09.30"]
[SourceQuality "1"]

1. e4 e5 2. Nf3 Nc6 3. Bc4 Bc5 4. c3 Nf6 5. d3 d6 6. 0-0 0-0 7. a4 a5 8. Na3 Bg4 9. Nc2 Ne7 10. h3 Bh5 11. Be3 Ba7 12. Bxa7 Rxa7 13. Ne3 c6 14. Bb3 Qb8 15. Bc2 b5 16. axb5 cxb5 17. d4 exd4 18. cxd4 b4 19. e5 Nfd5 20. exd6 Qxd6 21. Nxd5 Nxd5 22. Re1 Qf4 23. Re4 Bxf3 24. gxf3 Qg5+ 25. Rg4 Qh5 26. Kh2 Nf6 27. Rg3 Kh8 28. Qd3 Rg8 29. Rag1 Re7 30. Bd1 h6 31. f4 Qd5 32. f5 Ne4 33. R1g2 Nxg3 34. Rxg3 Re4 35. Bf3 Rxd4 36. Bxd5 Rxd3 37. Rxd3 Rd8 38. Bc4 Rc8 39. Bxf7 Rc2 40. Bg6 Rxf2+ 41. Kg3 Re2 42. Rd8+ Re8 43. Rxe8# 1-0

[Event "GER Pfingstopen U12"]
[Site "Playchess.com INT"]
[Date "2020.06.02"]
[Round "1"]
[White "Kullmann, Theo"]
[Black "Kovalskyy, Alicia"]
[Result "1-0"]
[WhiteElo "1558"]
[BlackElo "1620"]
[PlyCount "69"]
[EventDate "2020.06.02"]
[EventType "swiss (blitz)"]
[EventRounds "11"]
[EventCountry "GER"]
[SourceTitle "CBM 197 Extra"]
[Source "ChessBase"]
[SourceDate "2020.09.30"]
[SourceVersion "1"]
[SourceVersionDate "2020.09.30"]
[SourceQuality "1"]

1. e4 e5 2. Nf3 Nc6 3. Bc4 Nf6 4. Ng5 Qe7 5. Bxf7+ Kd8 6. Bc4 h6 7. Nf7+ Ke8 8. Nxh8 Nxe4 9. Bf7+ Kd8 10. Bg6 d5 11. Nf7+ Ke8 12. Nd6+ Kd8 13. Nxe4 dxe4 14. Bxe4 Qf6 15. 0-0 Bf5 16. Bd5 Nb4 17. Bb3 Qg6 18. d3 Bh3 19. Qf3 Bg4 20. Qxf8+ Kd7 21. Qxa8 Bh3 22. g3 Nxd3 23. cxd3 Qxd3 24. Rd1 Qd4 25. Rxd4+ Kc6 26. Bd5+ Kc5 27. Qxa7+ Kb5 28. Qa4+ Kb6 29. Rc4 c6 30. Qb4+ Ka6 31. Bxc6 bxc6 32. Rxc6+ Ka7 33. Qb5 Ka8 34. Rc7 Bf5 35. Qb7# 1-0

[Event "GER Pfingstopen U12"]
[Site "Playchess.com INT"]
[Date "2020.06.02"]
[Round "2"]
[White "Zobel, Christian Erik"]
[Black "Kullmann, Theo"]
[Result "1-0"]
[WhiteElo "1620"]
[BlackElo "1578"]
[PlyCount "95"]
[EventDate "2020.06.02"]
[EventType "swiss (blitz)"]
[EventRounds "11"]
[EventCountry "GER"]
[SourceTitle "CBM 197 Extra"]
[Source "ChessBase"]
[SourceDate "2020.09.30"]
[SourceVersion "1"]
[SourceVersionDate "2020.09.30"]
[SourceQuality "1"]

1. e4 e5 2. Nf3 Nc6 3. Bc4 Bc5 4. c3 Nf6 5. d3 0-0 6. 0-0 h6 7. Nbd2 d6 8. Re1 Be6 9. Bb3 Ng4 10. Re2 Nf6 11. h3 Qd7 12. Nf1 a5 13. Ng3 b5 14. a4 b4 15. Be3 Ba7 16. d4 exd4 17. cxd4 Bxb3 18. Qxb3 Rfe8 19. Qd3 Re7 20. Rc1 Rae8 21. Qb5 Nb8 22. Qxa5 c6 23. Qxb4 Nxe4 24. Nxe4 Rxe4 25. Nd2 Rh4 26. Nf3 Rhe4 27. Qc3 Qf5 28. Qc2 Qd5 29. Qc4 Qxc4 30. Rxc4 d5 31. Rcc2 f5 32. Nd2 R4e7 33. g3 g5 34. Nf3 f4 35. Ne5 fxe3 36. fxe3 Re6 37. Kg2 Kg7 38. Rf2 Rf8 39. Rxf8 Kxf8 40. Rf2+ Ke8 41. Rf7 Re7 42. Rf6 Nd7 43. Rxh6 Nxe5 44. dxe5 Rxe5 45. Rh8+ Kd7 46. Rh7+ Re7 47. Rh5 Bxe3 48. b4 1-0

[Event "GER-ch U18 sf Berlin Online"]
[Site "Playchess.com INT"]
[Date "2020.05.01"]
[Round "12"]
[White "Kamps, Manuel"]
[Black "Kullmann, Theo"]
[Result "0-1"]
[WhiteElo "1620"]
[BlackElo "1564"]
[PlyCount "56"]
[EventDate "2020.05.01"]
[EventType "swiss (blitz)"]
[EventRounds "13"]
[EventCountry "GER"]
[SourceTitle "CBM 195 Extra"]
[Source "ChessBase"]
[SourceDate "2020.05.31"]
[SourceVersion "1"]
[SourceVersionDate "2020.05.31"]
[SourceQuality "1"]

1. d4 d5 2. Bf4 Nf6 3. Nf3 Bf5 4. e3 e6 5. Bd3 Bg6 6. 0-0 Bd6 7. Re1 Bxf4 8. exf4 0-0 9. Bxg6 fxg6 10. Nbd2 Qd6 11. g3 Nc6 12. c3 b5 13. Qb3 Rab8 14. Rac1 a5 15. a3 a4 16. Qb4 Nxb4 17. cxb4 Ng4 18. Ng5 Qb6 19. Ndf3 Rf6 20. h3 Nxf2 21. Kxf2 h6 22. Ne5 Qxd4+ 23. Kg2 hxg5 24. Nc6 Qd2+ 25. Kf1 gxf4 26. Kg1 fxg3 27. Nxb8 Qf2+ 28. Kh1 Qh2# 0-1

[Event "GER-ch U18 sf Berlin Online"]
[Site "Playchess.com INT"]
[Date "2020.05.01"]
[Round "3"]
[White "Kaufmann, Emanuel"]
[Black "Kullmann, Theo"]
[Result "0-1"]
[WhiteElo "1672"]
[BlackElo "1564"]
[PlyCount "78"]
[EventDate "2020.05.01"]
[EventType "swiss (blitz)"]
[EventRounds "13"]
[EventCountry "GER"]
[SourceTitle "CBM 195 Extra"]
[Source "ChessBase"]
[SourceDate "2020.05.31"]
[SourceVersion "1"]
[SourceVersionDate "2020.05.31"]
[SourceQuality "1"]

1. e4 e5 2. f4 d5 3. exd5 exf4 4. Nc3 Nf6 5. Nf3 Nxd5 6. Bc4 Nxc3 7. bxc3 Bg4 8. d4 Be7 9. Bxf4 0-0 10. 0-0 Re8 11. h3 Bh5 12. g4 Bg6 13. h4 Bxh4 14. g5 Bh5 15. Qd3 Bxf3 16. Qxf3 Bxg5 17. Bxf7+ Kh8 18. Bxe8 Qxe8 19. Bxg5 Nd7 20. Qe3 Qh5 21. Rae1 Qg4+ 22. Kh2 Qh5+ 23. Kg3 h6 24. Bf4 Qg6+ 25. Kf3 Qh5+ 26. Kg2 Nf6 27. Qh3 Qg6+ 28. Qg3 Qh5 29. Rf3 Qd5 30. Qf2 g5 31. Bg3 g4 32. Qe3 gxf3+ 33. Kf2 Ng4+ 34. Kf1 Nxe3+ 35. Rxe3 Rf8 36. Re5 Qc4+ 37. Kf2 Qxa2 38. Rc5 Qxc2+ 39. Ke3 Qe2# 0-1

[Event "GER-ch U18 sf Berlin Online"]
[Site "Playchess.com INT"]
[Date "2020.05.01"]
[Round "9"]
[White "Kullmann, Theo"]
[Black "Ivanov, Nikita"]
[Result "1-0"]
[WhiteElo "1564"]
[BlackElo "1620"]
[PlyCount "31"]
[EventDate "2020.05.01"]
[EventType "swiss (blitz)"]
[EventRounds "13"]
[EventCountry "GER"]
[SourceTitle "CBM 195 Extra"]
[Source "ChessBase"]
[SourceDate "2020.05.31"]
[SourceVersion "1"]
[SourceVersionDate "2020.05.31"]
[SourceQuality "1"]

1. e4 e5 2. Nf3 Nc6 3. Bc4 Bc5 4. b4 Nxb4 5. c3 Nc6 6. d4 exd4 7. 0-0 dxc3 8. Bxf7+ Kxf7 9. Qd5+ Ke8 10. Qxc5 Nf6 11. Qxc3 d5 12. exd5 Nxd5 13. Re1+ Nce7 14. Qxg7 Rg8 15. Qxg8+ Kd7 16. Ne5+ 1-0

[Event "GER-ch U18 sf Berlin Online"]
[Site "Playchess.com INT"]
[Date "2020.05.01"]
[Round "7"]
[White "Torosyan, Bagrat"]
[Black "Kullmann, Theo"]
[Result "1-0"]
[WhiteElo "1620"]
[BlackElo "1564"]
[PlyCount "49"]
[EventDate "2020.05.01"]
[EventType "swiss (blitz)"]
[EventRounds "13"]
[EventCountry "GER"]
[SourceTitle "CBM 195 Extra"]
[Source "ChessBase"]
[SourceDate "2020.05.31"]
[SourceVersion "1"]
[SourceVersionDate "2020.05.31"]
[SourceQuality "1"]

1. e4 e5 2. Nf3 Nc6 3. Bc4 Bc5 4. c3 Nf6 5. d3 d6 6. 0-0 h6 7. h3 a6 8. Re1 b5 9. Bb3 a5 10. a3 Be6 11. Bxe6 fxe6 12. Qb3 Qe7 13. Qxb5 Qd7 14. Qa4 g5 15. b4 Bb6 16. b5 Na7 17. c4 Ke7 18. Nc3 Raf8 19. Be3 Rhg8 20. Bxb6 cxb6 21. d4 exd4 22. Nxd4 h5 23. Rad1 e5 24. Nf5+ Kd8 25. Rxd6 1-0

[Event "GER-ch U18 sf Berlin Online"]
[Site "Playchess.com INT"]
[Date "2020.05.01"]
[Round "11"]
[White "Wolfram, Florian"]
[Black "Kullmann, Theo"]
[Result "0-1"]
[WhiteElo "1620"]
[BlackElo "1564"]
[PlyCount "54"]
[EventDate "2020.05.01"]
[EventType "swiss (blitz)"]
[EventRounds "13"]
[EventCountry "GER"]
[SourceTitle "CBM 195 Extra"]
[Source "ChessBase"]
[SourceDate "2020.05.31"]
[SourceVersion "1"]
[SourceVersionDate "2020.05.31"]
[SourceQuality "1"]

1. e4 e5 2. Nf3 Nc6 3. Nc3 Nf6 4. Bc4 Bc5 5. d3 d6 6. Nd5 Nxd5 7. Bxd5 Bg4 8. h3 Bh5 9. g4 Bg6 10. Bg5 f6 11. Bh4 Rb8 12. c3 Ne7 13. d4 Nxd5 14. exd5 exd4 15. cxd4 Bb4+ 16. Nd2 Qe7+ 17. Qe2 Qxe2+ 18. Kxe2 0-0 19. g5 Rfe8+ 20. Kd1 Bh5+ 21. f3 Bxd2 22. Kxd2 fxg5 23. Bxg5 Bxf3 24. Rhf1 Re2+ 25. Kd3 Bh5 26. Be3 Rxb2 27. Bg5 Be2+ 0-1

[Event "GER-ch Net Amateur Gr-C Final"]
[Site "Playchess.com INT"]
[Date "2020.04.18"]
[Round "13"]
[White "Borgert, Alexander"]
[Black "Kullmann, Theo"]
[Result "1-0"]
[WhiteElo "1569"]
[BlackElo "1564"]
[PlyCount "85"]
[EventDate "2020.04.18"]
[EventType "swiss (blitz)"]
[EventRounds "13"]
[EventCountry "GER"]
[SourceTitle "CBM 195 Extra"]
[Source "ChessBase"]
[SourceDate "2020.05.31"]
[SourceVersion "1"]
[SourceVersionDate "2020.05.31"]
[SourceQuality "1"]

1. d4 d5 2. c4 e6 3. Nc3 Nf6 4. Bg5 Be7 5. Nf3 0-0 6. cxd5 exd5 7. e3 h6 8. Bh4 Ne4 9. Bxe7 Qxe7 10. Nxe4 dxe4 11. Nd2 f5 12. Qb3+ Be6 13. Bc4 Bxc4 14. Qxc4+ Kh8 15. Rc1 Na6 16. 0-0 Rad8 17. Nb3 Rd7 18. Nc5 Nxc5 19. Qxc5 Qg5 20. Qxa7 Rf6 21. Qxb7 Kh7 22. Rxc7 Rg6 23. g3 Rxc7 24. Qxc7 h5 25. Qf4 Qf6 26. Kh1 Rg4 27. Qe5 Qg6 28. b4 Qg5 29. h3 h4 30. hxg4 hxg3 31. Qxg3 fxg4 32. Rb1 Kg6 33. b5 Kh5 34. b6 Qd5 35. Qe5+ Qxe5 36. dxe5 Kh4 37. b7 g3 38. fxg3+ Kxg3 39. Rf1 g5 40. b8Q g4 41. Qf8 Kh3 42. Qh6+ Kg3 43. Qh2# 1-0

[Event "GER-ch Net Amateur Gr-C Vor3"]
[Site "Playchess.com INT"]
[Date "2020.04.16"]
[Round "7"]
[White "Heiligtag, Matthias"]
[Black "Kullmann, Theo"]
[Result "1-0"]
[WhiteElo "1659"]
[BlackElo "1586"]
[PlyCount "165"]
[EventDate "2020.04.16"]
[EventType "swiss (blitz)"]
[EventRounds "9"]
[EventCountry "GER"]
[SourceTitle "CBM 195 Extra"]
[Source "ChessBase"]
[SourceDate "2020.05.31"]
[SourceVersion "1"]
[SourceVersionDate "2020.05.31"]
[SourceQuality "1"]

1. e4 e5 2. Nf3 Nc6 3. Bc4 Bc5 4. c3 Nf6 5. d3 h6 6. Nbd2 0-0 7. Nf1 d6 8. Ng3 Bg4 9. h3 Bh5 10. Nxh5 Nxh5 11. Nxe5 Nxe5 12. Qxh5 Nxc4 13. dxc4 Qf6 14. 0-0 Rfe8 15. Qf3 Qxf3 16. gxf3 Kh7 17. Be3 Bb6 18. Bxb6 axb6 19. a3 c5 20. b4 Ra4 21. Rfd1 Re6 22. Rdb1 Re7 23. Rb3 g5 24. bxc5 bxc5 25. Rd1 Rd7 26. e5 Rxc4 27. Rxd6 Re7 28. Rf6 Rf4 29. Rxf4 gxf4 30. Rb5 Rxe5 31. Rxb7 Kg6 32. a4 Re1+ 33. Kg2 Ra1 34. Ra7 Ra3 35. c4 Kg5 36. a5 Kh4 37. Rxf7 Rxa5 38. Rxf4+ Kh5 39. Kg3 Ra1 40. Rf5+ Kg6 41. Rxc5 Rg1+ 42. Kh2 Rf1 43. Kg2 Rc1 44. Rc8 Kf7 45. c5 Ke7 46. c6 Kd6 47. c7 Rc6 48. Rh8 Kxc7 49. Kg3 Rg6+ 50. Kf4 Kd6 51. Kf5 Rg5+ 52. Kf4 Rg6 53. h4 Ke6 54. h5 Rf6+ 55. Kg4 Kf7 56. f4 Kg7 57. Ra8 Kf7 58. Ra7+ Ke6 59. Ra6+ Kf7 60. Rxf6+ Kxf6 61. f3 Ke6 62. f5+ Ke5 63. f6 Kxf6 64. Kf4 Ke6 65. Ke4 Kf6 66. f4 Ke6 67. f5+ Kf6 68. Kf4 Kf7 69. Ke5 Ke7 70. f6+ Kf7 71. Kf5 Kf8 72. Kg6 Ke8 73. Kxh6 Kf7 74. Kg5 Kg8 75. h6 Kh8 76. Kg6 Kg8 77. f7+ Kf8 78. h7 Ke7 79. h8Q Ke6 80. Qh5 Kd6 81. f8Q+ Kc6 82. Qhc5+ Kb7 83. Qfc8# 1-0

[Event "GER-ch Net Amateur Gr-C Vor3"]
[Site "Playchess.com INT"]
[Date "2020.04.16"]
[Round "3"]
[White "Kullmann, Theo"]
[Black "Krishnachandran, Srihari"]
[Result "1-0"]
[WhiteElo "1565"]
[BlackElo "1748"]
[PlyCount "45"]
[EventDate "2020.04.16"]
[EventType "swiss (blitz)"]
[EventRounds "9"]
[EventCountry "GER"]
[SourceTitle "CBM 195 Extra"]
[Source "ChessBase"]
[SourceDate "2020.05.31"]
[SourceVersion "1"]
[SourceVersionDate "2020.05.31"]
[SourceQuality "1"]

1. e4 c5 2. Nc3 Nc6 3. d3 g6 4. g3 Bg7 5. Bg2 d6 6. Nge2 e6 7. 0-0 Nge7 8. h3 0-0 9. Kh2 Bd7 10. f4 f5 11. g4 fxg4 12. hxg4 e5 13. f5 gxf5 14. exf5 Bh8 15. Nd5 Qe8 16. Nc7 Qf7 17. Nxa8 Rxa8 18. Nc3 Kf8 19. Bg5 Bf6 20. Bh6+ Bg7 21. f6 Kg8 22. fxg7 Qe8 23. Rf8+ 1-0

[Event "GER-ch Net Amateur Gr-C Vor3"]
[Site "Playchess.com INT"]
[Date "2020.04.16"]
[Round "2"]
[White "Kullmann, Theo"]
[Black "Schenk, Michael"]
[Result "1-0"]
[WhiteElo "1557"]
[BlackElo "1361"]
[PlyCount "66"]
[EventDate "2020.04.16"]
[EventType "swiss (blitz)"]
[EventRounds "9"]
[EventCountry "GER"]
[SourceTitle "CBM 195 Extra"]
[Source "ChessBase"]
[SourceDate "2020.05.31"]
[SourceVersion "1"]
[SourceVersionDate "2020.05.31"]
[SourceQuality "1"]

1. e4 c5 2. Nc3 Nc6 3. d3 e6 4. g3 g6 5. Bg2 Bg7 6. Nge2 Nf6 7. 0-0 0-0 8. h3 d5 9. exd5 exd5 10. Kh2 Be6 11. Bg5 Qd7 12. f4 a6 13. g4 h6 14. Bxf6 Bxf6 15. Ng3 b5 16. f5 gxf5 17. gxf5 b4 18. fxe6 Qxe6 19. Na4 Be5 20. Qg4+ Qxg4 21. hxg4 Kh7 22. Kh3 f6 23. Nf5 Rg8 24. Bxd5 Nd4 25. Bxg8+ Rxg8 26. Nxd4 Bxd4 27. Rf5 Be5 28. Raf1 h5 29. gxh5 Rg3+ 30. Kh4 Kh6 31. Rxf6+ Bxf6+ 32. Kxg3 Be5+ 33. Kg4 Bd4 1-0